Environmental governance sourcebook / UNDP RBEC ; edited by Andrej Steiner, Henrieta Martonakova, and Zuzana Guziova
Record details
- ISBN: 92-1-126155-4
- Physical Description: 334 s.
- Publisher: Bratislava : UNDP RBEC, c2003
Content descriptions
| General Note: | The United Nations Development Programme-Regional Bureau for Europe and the CIS Sezn. zkrat. Lit. |
Search for related items by subject
| Genre: | monografie |
Available copies
- 1 of 1 copy available at Common Catalog SPOK.
Holds
- 0 current holds with 1 total copy.
Show Only Available Copies
| Location | Call Number / Copy Notes | Barcode | Shelving Location | Status | Due Date |
|---|---|---|---|---|---|
| Varianty | Cho En | 4605401618 | Šafaříkova 17 - 5. patro, chodba | Available | - |
| LDR | 01120nam a22003377a 4500 | ||
|---|---|---|---|
| 001 | 32041 | ||
| 003 | CZ-PrJAB | ||
| 005 | 20190603130249.0 | ||
| 008 | 040317s2003 xo |||||r|||||||||||eng|d | ||
| 020 | . | ‡a92-1-126155-4 | |
| 035 | . | ‡a(CZ PrSKC)000192313 | |
| 040 | . | ‡aABD107 ‡bcze ‡cABD107 ‡dABH006 | |
| 110 | 2 | . | ‡aUNDP. ‡bRBEC ‡bSlovak republic |
| 245 | 1 | 0. | ‡aEnvironmental governance sourcebook / ‡cUNDP RBEC ; edited by Andrej Steiner, Henrieta Martonakova, and Zuzana Guziova |
| 260 | . | ‡aBratislava : ‡bUNDP RBEC, ‡cc2003 | |
| 300 | . | ‡a334 s. | |
| 500 | . | ‡aThe United Nations Development Programme-Regional Bureau for Europe and the CIS | |
| 500 | . | ‡aSezn. zkrat. | |
| 500 | . | ‡aLit. | |
| 653 | 0 | . | ‡aekologické problémy ‡aenvironmentální politika ‡aenvironmentální zákonodárství ‡aglobální problémy ‡amezinárodní organizace ‡amezinárodní smlouvy a dohody |
| 655 | 7. | ‡amonografie ‡7fd132842 ‡2czenas | |
| 700 | 1 | . | ‡aSteiner, Andrej ‡4edt |
| 700 | 1 | . | ‡aMartonakova, Henrieta ‡4edt |
| 700 | 1 | . | ‡aGuziova, Zuzana ‡4edt |
| 910 | . | ‡aABH006 | |
| 901 | . | ‡a32041 ‡b ‡c32041 ‡tbiblio | |